[Event "SFG 2015 Compact A"]
[Site "Groningen"]
[Date "2015.12.26"]
[Round "1"]
[White "Scharft, Johan"]
[Black "Van Assendelft, Floris"]
[Result "0-1"]
[WhiteElo "1951"]
[BlackElo "2377"]
[PlyCount "124"]
[EventDate "2015.12.??"]

1. d4 Nf6 2. Nf3 g6 3. c4 b6 4. g3 Bb7 5. Bg2 c5 6. O-O cxd4 7. Nxd4 Bxg2 8.
Kxg2 Qc8 9. b3 Nc6 10. Bb2 Bg7 11. Nc3 O-O 12. Rc1 Qb7 13. Kg1 a6 14. Qd2 Nxd4
15. Qxd4 Ne4 16. Qxe4 Qxe4 17. Nxe4 Bxb2 18. Rc2 Be5 19. Rd1 Ra7 20. Nc3 Rb8
21. f4 Bg7 22. Kg2 f5 23. Kf3 Kf7 24. e3 Rc8 25. Nd5 Rb7 26. Rcd2 b5 27. cxb5
axb5 28. Nb4 d6 29. Ke2 Ke6 30. Kd3 Rbc7 31. Rc2 Rxc2 32. Nxc2 Rc3+ 33. Kd2 Kd5
34. Na3 b4 35. Nb1 Rc5 36. Kd3 Rc6 37. Ke2+ Ke6 38. Kd3 Rc5 39. Re1 Kd5 40. Rd1
Bf6 41. Ke2+ Ke6 42. Kd3 h6 43. Re1 Kd5 44. Rd1 g5 45. Rf1 g4 46. Rh1 h5 47.
Kd2 Ke6 48. Kd3 Rc8 49. Re1 Kd5 50. Rd1 h4 51. Re1 Rc5 52. Rf1 Rc8 53. Rd1 Ra8
54. Rd2 hxg3 55. hxg3 Rh8 56. Rg2 Rh1 57. Nd2 Rd1 58. Ke2 Ra1 59. Kd3 Rxa2 60.
Rh2 Bc3 61. Nf1 Ra1 62. Rf2 e6 0-1

[Event "SFG 2015 Compact A"]
[Site "Groningen"]
[Date "2015.12.26"]
[Round "1"]
[White "Kollen, Zyon"]
[Black "Westerkamp, Bert"]
[Result "1-0"]
[WhiteElo "2290"]
[BlackElo "1948"]
[PlyCount "75"]
[EventDate "2015.12.??"]

1. e4 e5 2. Nf3 Nc6 3. Bb5 a6 4. Bxc6 dxc6 5. O-O f6 6. d4 Bg4 7. c3 Qd7 8. Be3
O-O-O 9. Nbd2 Bd6 10. Re1 Ne7 11. h3 exd4 12. cxd4 Bxf3 13. Qxf3 Ng6 14. a3
Rde8 15. Rac1 Rhf8 16. Nc4 Nh4 17. Qh5 g5 18. e5 fxe5 19. dxe5 Bxe5 20. Nxe5
Rxe5 21. Bxg5 Qd5 22. Qg4+ Nf5 23. Rxe5 Qxe5 24. Rd1 Kb8 25. Qf4 Qg7 26. g4 h6
27. Rd8+ Rxd8 28. Bxd8 Nd6 29. Bf6 Qg6 30. Be5 Qe6 31. Kh2 c5 32. h4 b5 33. g5
hxg5 34. hxg5 Kb7 35. Bxd6 cxd6 36. Qf6 Qg4 37. g6 Kc6 38. g7 1-0

[Event "SFG 2015 Compact A"]
[Site "Groningen"]
[Date "2015.12.26"]
[Round "1"]
[White "Balje, Jan"]
[Black "Silz, Elisa"]
[Result "1-0"]
[WhiteElo "2204"]
[BlackElo "1922"]
[PlyCount "77"]
[EventDate "2015.12.??"]

1. d4 Nf6 2. c4 g6 3. Nf3 Bg7 4. g3 O-O 5. Bg2 d6 6. O-O Nbd7 7. Nc3 c6 8. Rb1
a5 9. e4 e5 10. h3 Re8 11. Re1 Qc7 12. Be3 h6 13. d5 Nc5 14. Nd2 Nfd7 15. Qc2
Rf8 16. Kh2 f5 17. exf5 gxf5 18. dxc6 bxc6 19. Nb5 cxb5 20. Bxa8 Bb7 21. Bxb7
Qxb7 22. f4 b4 23. Rg1 Kh8 24. Rbf1 e4 25. g4 Nd3 26. b3 N7c5 27. gxf5 Rxf5 28.
Rg4 Ne6 29. Nf3 h5 30. Nh4 Rf7 31. Rg3 Bf6 32. Qd1 Ng7 33. Nf5 Qd7 34. Nxg7
Bxg7 35. Qxh5+ Kg8 36. Bd4 Ne5 37. Rxg7+ Rxg7 38. fxe5 dxe5 39. Qxe5 1-0

[Event "SFG 2015 Compact A"]
[Site "Groningen"]
[Date "2015.12.26"]
[Round "1"]
[White "Nepveu, Manuel"]
[Black "Clemens, Adrian"]
[Result "0-1"]
[WhiteElo "1890"]
[BlackElo "2182"]
[PlyCount "52"]
[EventDate "2015.12.??"]

1. d4 Nf6 2. c4 c5 3. Nf3 cxd4 4. Nxd4 e5 5. Nb5 d5 6. cxd5 Bc5 7. e3 O-O 8.
N5c3 e4 9. Be2 Bf5 10. Qb3 Qe7 11. Bd2 Nbd7 12. Na3 Nb6 13. O-O Rfd8 14. Rfd1
Qe5 15. Bf1 Bg4 16. Rdc1 Bd6 17. g3 Bf3 18. Ncb5 Qf5 19. Nd4 Qh5 20. Nc4 Nxc4
21. Qxc4 Ng4 22. h3 Nxf2 23. Nxf3 Qxf3 24. Qe2 Nxh3+ 25. Kh2 Qxg3+ 26. Kh1 Qg1#
0-1

[Event "SFG 2015 Compact A"]
[Site "Groningen"]
[Date "2015.12.27"]
[Round "2"]
[White "Van Assendelft, Floris"]
[Black "Bakels, Anton"]
[Result "0-1"]
[WhiteElo "2377"]
[BlackElo "2064"]
[PlyCount "49"]
[EventDate "2015.12.??"]

1. e4 d6 2. d4 Nf6 3. Nc3 e5 4. Nf3 Nbd7 5. a4 a5 6. Bc4 Be7 7. dxe5 dxe5 8.
Bxf7+ Kxf7 9. Ng5+ Kg6 10. Ne6 Qg8 11. Nxc7 Rb8 12. f4 Qc4 13. N7b5 Nxe4 14.
Qg4+ Kf7 15. fxe5 Ndf6 16. Qf4 Bb4 17. exf6 Re8 18. Qc7+ Qxc7 19. Nxc7 Bg4 20.
Nxe8 Rxe8 21. O-O Bc5+ 22. Kh1 Ng3+ 23. hxg3 Re5 24. fxg7+ Kxg7 25. Ne4 0-1

[Event "SFG 2015 Compact A"]
[Site "Groningen"]
[Date "2015.12.27"]
[Round "2"]
[White "Van Herwaarden, Arjen"]
[Black "Kollen, Zyon"]
[Result "0-1"]
[WhiteElo "2052"]
[BlackElo "2290"]
[PlyCount "55"]
[EventDate "2015.12.??"]

1. e4 e6 2. d4 d5 3. Nc3 Bb4 4. exd5 Qxd5 5. Nf3 Nf6 6. Bd3 Bd7 7. O-O Bxc3 8.
bxc3 Bb5 9. Rb1 Bxd3 10. Qxd3 O-O 11. c4 Qc6 12. Ne5 Qa6 13. Qg3 Nc6 14. Bh6
Ne8 15. Nd7 Nxd4 16. Nf6+ Kh8 17. Bxg7+ Nxg7 18. Qh4 Ne2+ 19. Kh1 h5 20. Rb5 e5
21. Rxe5 Rg8 22. Rxh5+ Nxh5 23. Qxh5+ Kg7 24. Qg5+ Kf8 25. Qxg8+ Ke7 26. Nd5+
Kd6 27. Qxa8 Qxc4 28. Ne3 0-1

[Event "SFG 2015 Compact A"]
[Site "Groningen"]
[Date "2015.12.27"]
[Round "2"]
[White "Hovenga, Alje"]
[Black "Nguyen, Kevin"]
[Result "0-1"]
[WhiteElo "2217"]
[BlackElo "2048"]
[PlyCount "72"]
[EventDate "2015.12.??"]

1. d4 Nf6 2. c4 g6 3. Nc3 Bg7 4. e4 d6 5. Nf3 O-O 6. Be2 c5 7. O-O Nc6 8. d5
Na5 9. h3 e5 10. g4 Ne8 11. Bg5 f6 12. Bh4 Bh6 13. Bd3 Bf4 14. Ne2 g5 15. Bg3
Rb8 16. Qc2 Qc7 17. a3 b5 18. Bxf4 gxf4 19. Nd2 bxc4 20. Bxc4 Nxc4 21. Nxc4 Ba6
22. Rab1 Qd7 23. Rfc1 Nc7 24. b4 cxb4 25. axb4 Rfc8 26. Qa2 h5 27. Kh2 hxg4 28.
Rg1 Kf7 29. Rxg4 Rg8 30. Rxg8 Rxg8 31. Ng1 Kf8 32. Nf3 Bc8 33. Ng1 Qg7 34. f3
Qg3+ 35. Kh1 Bxh3 36. Qh2 Bg2+ 0-1

[Event "SFG 2015 Compact A"]
[Site "Groningen"]
[Date "2015.12.27"]
[Round "2"]
[White "Wolferink, Frans"]
[Black "Balje, Jan"]
[Result "1-0"]
[WhiteElo "2045"]
[BlackElo "2204"]
[PlyCount "35"]
[EventDate "2015.12.??"]

1. e4 c5 2. Nf3 e6 3. d4 cxd4 4. Nxd4 Nc6 5. Nc3 Qc7 6. Be2 a6 7. O-O Nf6 8. a3
d6 9. Bg5 Be7 10. Qd3 O-O 11. Rad1 Bd7 12. Qg3 Rfe8 13. Rfe1 Nxd4 14. Rxd4 Bc6
15. Bf3 Rad8 16. Red1 b5 17. Bxf6 Bxf6 18. Rxd6 {
... "The rest is not to be published" (Baljé). White won on move 54.} 1-0

[Event "SFG 2015 Compact A"]
[Site "Groningen"]
[Date "2015.12.27"]
[Round "2"]
[White "Clemens, Adrian"]
[Black "Verhoef, Pieter"]
[Result "1/2-1/2"]
[WhiteElo "2182"]
[BlackElo "1992"]
[PlyCount "77"]
[EventDate "2015.12.??"]

1. d4 Nf6 2. c4 e6 3. g3 Bb4+ 4. Bd2 Qe7 5. Nf3 Nc6 6. Nc3 Bxc3 7. Bxc3 Ne4 8.
Rc1 O-O 9. Bg2 d6 10. d5 Nxc3 11. Rxc3 Nb8 12. dxe6 fxe6 13. Nd4 c6 14. O-O Nd7
15. Re3 Nb6 16. b3 Bd7 17. Qd3 Qf6 18. Rf3 Qe7 19. Rxf8+ Rxf8 20. e4 e5 21. Nc2
Rf6 22. Ne3 Qf8 23. Qc3 c5 24. Qd2 Bc6 25. Rd1 Bd7 26. Qe2 Bc6 27. Rd2 Na8 28.
Nd5 Bxd5 29. exd5 a5 30. Qe1 Nc7 31. Re2 b6 32. Re4 Rf7 33. Re3 Rf6 34. Qe2 Rf7
35. h4 Qd8 36. a4 Qf8 37. Bh3 Rf6 38. Re4 Rf3 39. Re3 1/2-1/2

[Event "SFG 2015 Compact A"]
[Site "Groningen"]
[Date "2015.12.27"]
[Round "2"]
[White "Otte, Marco"]
[Black "Klapwijk, Bram"]
[Result "0-1"]
[WhiteElo "1910"]
[BlackElo "2197"]
[PlyCount "34"]
[EventDate "2015.12.??"]

1. b4 e5 2. a3 d5 3. e3 Nf6 4. c4 c6 5. Qc2 Bd6 6. Bb2 O-O 7. Nf3 Qe7 8. Nc3 a5
9. b5 Nbd7 10. bxc6 bxc6 11. cxd5 cxd5 12. Bb5 Ba6 13. a4 Rfc8 14. O-O Bxb5 15.
axb5 Nb6 16. d3 a4 17. Qc1 a3 0-1

[Event "SFG 2015 Compact A"]
[Site "Groningen"]
[Date "2015.12.27"]
[Round "2"]
[White "Knight, David"]
[Black "Van Putten, Henk"]
[Result "0-1"]
[WhiteElo "1887"]
[BlackElo "2152"]
[PlyCount "76"]
[EventDate "2015.12.??"]

1. e4 c5 2. Nf3 d6 3. d4 cxd4 4. Nxd4 Nf6 5. Nc3 a6 6. h3 Nc6 7. g4 e6 8. Bg2
Nd7 9. O-O Be7 10. Be3 Nde5 11. b3 Ng6 12. f4 Nh4 13. Bh1 h5 14. g5 e5 15. Nxc6
bxc6 16. Bf2 Ng6 17. f5 Nf4 18. h4 Nh3+ 19. Kh2 Nxf2 20. Rxf2 Qa5 21. Qd3 Qb6
22. Raf1 a5 23. Qg3 Ba6 24. f6 gxf6 25. gxf6 Bf8 26. Na4 Qc7 27. c4 Bh6 28. Qd3
Rg8 29. Rg2 O-O-O 30. Qc3 Bf4+ 31. Kg1 Qa7+ 32. c5 Bxf1 33. Kxf1 Qa6+ 34. Kg1
dxc5 35. Rxg8 Rxg8+ 36. Kf2 Bg3+ 37. Ke3 Qf1 38. Nb6+ Kb7 0-1

[Event "SFG 2015 Compact A"]
[Site "Groningen"]
[Date "2015.12.28"]
[Round "3"]
[White "Bakels, Anton"]
[Black "Hendriks, Peter"]
[Result "1/2-1/2"]
[WhiteElo "2064"]
[BlackElo "1961"]
[PlyCount "77"]
[EventDate "2015.12.??"]

1. c4 f5 2. g3 Nf6 3. Bg2 e6 4. Nf3 Be7 5. Nc3 O-O 6. O-O d6 7. d4 Ne4 8. Qb3
Bf6 9. Be3 Nxc3 10. bxc3 Nc6 11. Rad1 Qe7 12. Bc1 Re8 13. Rfe1 e5 14. c5+ Kh8
15. e4 Rb8 16. Ba3 fxe4 17. Nd2 exd4 18. cxd6 cxd6 19. Rxe4 Be6 20. Qb5 Qf7 21.
cxd4 Nxd4 22. Qa4 b5 23. Qb4 Nc2 24. Qxd6 Rbd8 25. Qa6 Bd5 26. Rxe8+ Rxe8 27.
Nb1 Bxg2 28. Kxg2 Nd4 29. Nc3 Qc4 30. Rc1 Qd3 31. Qb7 Nc2 32. Qxb5 Ne1+ 33.
Rxe1 Qxb5 34. Nxb5 Rxe1 35. Nxa7 Ra1 36. Bc5 Rxa2 37. Be3 Rc2 38. Nb5 Be5 39.
Nd4 1/2-1/2

[Event "SFG 2015 Compact A"]
[Site "Groningen"]
[Date "2015.12.28"]
[Round "3"]
[White "Nguyen, Kevin"]
[Black "Van Herwaarden, Arjen"]
[Result "0-1"]
[WhiteElo "2048"]
[BlackElo "2052"]
[PlyCount "70"]
[EventDate "2015.12.??"]

1. e4 Nc6 2. Nf3 Nf6 3. d3 e5 4. g3 d5 5. Nbd2 Bg4 6. Bg2 Qd7 7. h3 Bxf3 8.
Qxf3 Nb4 9. Qd1 Qc6 10. O-O Qxc2 11. Qf3 Qxd3 12. Qf5 Nc6 13. Nb3 Be7 14. h4 g6
15. Qh3 Nxe4 16. Be3 Nf6 17. Rfd1 Qf5 18. Qh1 O-O 19. Bh3 Qe4 20. Bg2 Qb4 21.
Bxd5 Nxd5 22. Qxd5 Rad8 23. Qf3 Nd4 24. Nxd4 exd4 25. Bh6 Rfe8 26. Qf4 Qb6 27.
Rac1 c5 28. Qe5 Bf8 29. Qg5 Bxh6 30. Qxh6 Re5 31. Re1 Rde8 32. Rxe5 Rxe5 33.
Qf4 Qe6 34. Kg2 Qf5 35. Qxf5 Rxf5 {... [51]} 0-1

[Event "SFG 2015 Compact A"]
[Site "Groningen"]
[Date "2015.12.28"]
[Round "3"]
[White "Van Putten, Henk"]
[Black "Wolferink, Frans"]
[Result "1/2-1/2"]
[WhiteElo "2152"]
[BlackElo "2045"]
[PlyCount "51"]
[EventDate "2015.12.??"]

1. d4 Nf6 2. c4 g6 3. Nc3 d5 4. cxd5 Nxd5 5. e4 Nxc3 6. bxc3 Bg7 7. Nf3 c5 8.
Rb1 O-O 9. Be2 b6 10. O-O Bb7 11. Qd3 Ba6 12. Qe3 Bxe2 13. Qxe2 Qd6 14. Bg5
cxd4 15. cxd4 Nc6 16. d5 Nd4 17. Nxd4 Bxd4 18. Rfc1 Rac8 19. Qa6 Rxc1+ 20. Rxc1
e6 21. Bh6 Bg7 22. Bxg7 Kxg7 23. dxe6 Qxe6 24. Qxa7 Rd8 25. a3 Qc6 26. Rf1
1/2-1/2

[Event "SFG 2015 Compact A"]
[Site "Groningen"]
[Date "2015.12.28"]
[Round "3"]
[White "Klapwijk, Bram"]
[Black "Clemens, Adrian"]
[Result "1-0"]
[WhiteElo "2197"]
[BlackElo "2182"]
[PlyCount "129"]
[EventDate "2015.12.??"]

1. e4 c5 2. Nf3 e6 3. d4 cxd4 4. Nxd4 Nc6 5. Nc3 Qc7 6. Be3 a6 7. Bd3 Nf6 8.
Nb3 b5 9. f4 d6 10. Qf3 Bb7 11. O-O-O Be7 12. Kb1 O-O 13. g4 Nb4 14. g5 Nd7 15.
h4 Nxd3 16. cxd3 b4 17. Ne2 Rfc8 18. h5 a5 19. Rc1 Qd8 20. g6 Rxc1+ 21. Bxc1
Bf6 22. Qh3 Nf8 23. gxf7+ Kxf7 24. Rf1 Kg8 25. Nbd4 Qe8 26. h6 g6 27. f5 exf5
28. exf5 Bxd4 29. Nxd4 Qe5 30. fxg6 Nxg6 31. b3 Rf8 32. Rxf8+ Nxf8 33. Qg4+ Kf7
34. Nf3 Bxf3 35. Qxf3+ Ke8 36. Qc6+ Ke7 37. Qc7+ Nd7 38. Qc4 Qf5 39. Bf4 Qg6
40. Qd5 Qg1+ 41. Bc1 Qg6 42. Bg5+ Ke8 43. Kc2 Ne5 44. Bf4 Qf5 45. Be3 Ke7 46.
Qe4 Qxe4 47. dxe4 Kd7 48. Bb6 Kc6 49. Bxa5 Kb5 50. Bd8 Ng4 51. Be7 Kc6 52. Bf8
Nf2 53. e5 dxe5 54. Bxb4 Kd5 55. a4 e4 56. Ba5 Ng4 57. Bb6 Kc6 58. Bg1 Nxh6 59.
b4 Nf5 60. b5+ Kc7 61. a5 Nd6 62. Bh2 Kd7 63. Bxd6 Kxd6 64. a6 Kc7 65. Kd2 1-0

[Event "SFG 2015 Compact A"]
[Site "Groningen"]
[Date "2015.12.28"]
[Round "3"]
[White "Verhoef, Pieter"]
[Black "Holwijn, Melvin"]
[Result "1/2-1/2"]
[WhiteElo "1992"]
[BlackElo "1989"]
[PlyCount "109"]
[EventDate "2015.12.??"]

1. e4 d6 2. d4 Nf6 3. Nc3 g6 4. Nf3 Bg7 5. h3 Nc6 6. Be3 d5 7. e5 Ne4 8. Bd3
Nxc3 9. bxc3 h6 10. Qd2 Be6 11. Rb1 Na5 12. O-O b6 13. Nh2 Qd7 14. f4 Nc4 15.
Qe2 h5 16. Nf3 b5 17. Nh4 Bf5 18. Nxf5 gxf5 19. Bxc4 dxc4 20. d5 Qxd5 21. Rfd1
Qc6 22. Rd4 f6 23. e6 Qxe6 24. Rxb5 Kf7 25. Qxc4 Rab8 26. Rxf5 Rb1+ 27. Kh2 Re1
28. Bd2 Re2 29. Qxe6+ Kxe6 30. Rc5 Bh6 31. Kg3 Rg8+ 32. Kf3 Rexg2 33. f5+ Kf7
34. Bxh6 R8g3+ 35. Ke4 Rxh3 36. Rxc7 Rg4+ 37. Kd5 Rf3 38. Rxg4 Rxf5+ 39. Ke4
Re5+ 40. Kf4 hxg4 41. Rxa7 Rh5 42. Kxg4 Rxh6 43. Kg3 Rh5 44. Kf3 Rh3+ 45. Ke2
Rxc3 46. Kd2 Rc6 47. a4 f5 48. a5 f4 49. Kd3 Re6 50. Rb7 Ra6 51. Rb5 Ke6 52.
Ke4 Rc6 53. Rb6 Kd6 54. Rxc6+ Kxc6 55. Kxf4 1/2-1/2

[Event "SFG 2015 Compact A"]
[Site "Groningen"]
[Date "2015.12.28"]
[Round "3"]
[White "Termeulen, Albert"]
[Black "Wubben, Marcel"]
[Result "1-0"]
[WhiteElo "2155"]
[BlackElo "2082"]
[PlyCount "55"]
[EventDate "2015.12.??"]

1. e4 e6 2. Nf3 d5 3. e5 c5 4. b4 d4 5. bxc5 Bxc5 6. Bd3 Nc6 7. O-O Nge7 8. Re1
Ng6 9. a4 O-O 10. Na3 Nf4 {Diagram #} 11. Bxh7+ Kxh7 12. d3 g5 13. h4 Be7 14.
hxg5 Ng6 15. Nc4 b6 16. Re4 Kg7 17. Bb2 Bxg5 18. Nxd4 Nxd4 19. Rxd4 Qc7 20. Nd6
Bb7 21. Rc4 Qe7 22. Ba3 Qd7 23. Qg4 Be7 24. f4 Rh8 25. f5 Rh4 26. f6+ Bxf6 27.
exf6+ Kh7 28. Qg5 1-0

[Event "SFG 2015 Compact A"]
[Site "Groningen"]
[Date "2015.12.28"]
[Round "3"]
[White "Balje, Jan"]
[Black "Van Assendelft, Floris"]
[Result "0-1"]
[WhiteElo "2204"]
[BlackElo "2377"]
[PlyCount "54"]
[EventDate "2015.12.??"]

1. d4 e6 2. c4 b6 3. e4 Bb7 4. Bd3 Nc6 5. Ne2 Nb4 6. Nbc3 Nxd3+ 7. Qxd3 g6 8.
O-O Bg7 9. d5 Ne7 10. Be3 O-O 11. Rad1 d6 12. f4 Qd7 13. Ng3 f5 14. exf5 Nxf5
15. Nxf5 Rxf5 16. Bd4 exd5 17. Nxd5 Bxd5 18. cxd5 Rxd5 19. Qf3 Bxd4+ 20. Rxd4
Rxd4 21. Qxa8+ Kg7 22. Qxa7 Qc6 23. Qa3 Rd2 24. Qg3 Rxb2 25. f5 Qc5+ 26. Kh1
Qb5 27. Qc3+ Kg8 0-1

[Event "SFG 2015 Compact A"]
[Site "Groningen"]
[Date "2015.12.29"]
[Round "4"]
[White "Van Herwaarden, Arjen"]
[Black "De Roda Husman, Juan"]
[Result "1/2-1/2"]
[WhiteElo "2052"]
[BlackElo "2209"]
[PlyCount "77"]
[EventDate "2015.12.??"]

1. e4 e5 2. d4 exd4 3. Nf3 Nc6 4. c3 d5 5. exd5 Qxd5 6. cxd4 Bg4 7. Be2 Bb4+ 8.
Nc3 Bxf3 9. Bxf3 Qc4 10. Bxc6+ bxc6 11. Qe2+ Qxe2+ 12. Kxe2 O-O-O 13. Be3 Ne7
14. a3 Ba5 15. Rhd1 Rhe8 16. Kf3 Nf5 17. g4 Nd6 18. Na4 Bb6 19. Rac1 Kb7 20.
Nc5+ Bxc5 21. Rxc5 Re6 22. d5 cxd5 23. Rcxd5 Rde8 24. R1d3 Nc4 25. Rb3+ Nb6 26.
Rd7 R8e7 27. Rd8 Re8 28. Rd7 R8e7 29. Rd8 Re8 30. Rxe8 Rxe8 31. h4 f6 32. g5
Re6 33. gxf6 Rxf6+ 34. Kg4 Kc6 35. Rc3+ Kd7 36. Rd3+ Kc6 37. Rc3+ Kd7 38. Rd3+
Kc6 39. Rc3+ 1/2-1/2

[Event "SFG 2015 Compact A"]
[Site "Groningen"]
[Date "2015.12.29"]
[Round "4"]
[White "Wolferink, Frans"]
[Black "Bakels, Anton"]
[Result "1/2-1/2"]
[WhiteElo "2045"]
[BlackElo "2064"]
[PlyCount "59"]
[EventDate "2015.12.??"]

1. e4 e6 2. d4 d5 3. e5 c5 4. c3 Nc6 5. a3 Qb6 6. Nf3 Nge7 7. b4 cxb4 8. cxb4
Nf5 9. Bb2 Bd7 10. g4 Nh6 11. h3 f6 12. Bd3 Nf7 13. Qe2 Be7 14. Nbd2 fxe5 15.
dxe5 Ng5 16. Rc1 O-O 17. b5 Na5 18. Bd4 Qd8 19. Nxg5 Bxg5 20. Be3 Qe7 21. Bxg5
Qxg5 22. Qe3 Qxe3+ 23. fxe3 b6 24. Ke2 Nb7 25. Nb3 Rac8 26. Rxc8 Rxc8 27. Kd2
Nc5 28. Nd4 Nxd3 29. Kxd3 Rc5 30. Rb1 1/2-1/2

[Event "SFG 2015 Compact A"]
[Site "Groningen"]
[Date "2015.12.29"]
[Round "4"]
[White "Hendriks, Peter"]
[Black "Klapwijk, Bram"]
[Result "0-1"]
[WhiteElo "1961"]
[BlackElo "2197"]
[PlyCount "122"]
[EventDate "2015.12.??"]

{Lange en onderhoudende partij met veel publiek in de slotfase [zie foto].} 1.
f4 d5 2. Nf3 g6 3. e3 Bg7 4. Be2 Nf6 5. O-O O-O 6. d3 c5 7. Ne5 Nfd7 8. d4 cxd4
9. exd4 Qb6 10. Kh1 Nc6 11. c3 Nf6 12. Nd2 h5 13. Bd3 Bg4 14. Qe1 e6 15. Qh4
Qd8 16. Ndf3 Bf5 17. Be2 Ne7 18. h3 Be4 19. g4 hxg4 20. hxg4 Nh7 21. Kg1 Nc8
22. Qh3 Nd6 23. Rf2 Bxf3 24. Bxf3 Re8 25. Rh2 Nf6 26. f5 exf5 27. Bh6 fxg4 28.
Bxg4 Nxg4 29. Bxg7 Kxg7 30. Qh7+ Kf8 31. Nxg6+ fxg6 32. Rf1+ Qf6 33. Rxf6+ Nxf6
34. Qc7 Nf7 35. Rf2 Re1+ 36. Kg2 Re6 37. Qxb7 Rae8 38. Qxa7 R8e7 39. Qa8+ Kg7
40. b3 Ng4 41. Rb2 Ne3+ 42. Kg3 Rf6 43. Rf2 Nf5+ 44. Kh2 N7h6 45. Kg1 Rf8 46.
Qc6 Ng4 47. Rf1 Nge3 48. Rf2 Re4 49. Qc7+ Rf7 50. Qb8 Rg4+ 51. Kh2 Kh6 52. Rf4
Rg2+ 53. Kh3 Rg3+ 54. Kh2 Kg5 55. Rxf5+ Nxf5 56. Qd8+ Kg4 57. Qh8 Re7 58. Qg8
Kf4 59. c4 Re2+ 60. Kh1 Rd3 61. cxd5 Rd1# 0-1

[Event "SFG 2015 Compact A"]
[Site "Groningen"]
[Date "2015.12.29"]
[Round "4"]
[White "Van Putten, Henk"]
[Black "Nguyen, Kevin"]
[Result "1-0"]
[WhiteElo "2152"]
[BlackElo "2048"]
[PlyCount "105"]
[EventDate "2015.12.??"]

1. d4 Nf6 2. c4 g6 3. Nc3 Bg7 4. Nf3 d6 5. Bf4 Nbd7 6. h3 c6 7. e3 a6 8. a4 Qa5
9. Qb1 O-O 10. Be2 c5 11. O-O Re8 12. dxc5 Qxc5 13. e4 b6 14. Nd5 Nxd5 15. cxd5
Qb4 16. Ra2 Nc5 17. Bd3 Nxd3 18. Qxd3 a5 19. Bd2 Ba6 20. Qe3 Qc4 21. Rfa1 e6
22. b3 Qd3 23. Rc1 exd5 24. Qxd3 Bxd3 25. exd5 Be4 26. Rc6 Bxd5 27. Rxb6 Rab8
28. Bxa5 Bxb3 29. Rxb8 Rxb8 30. Rd2 d5 31. Bc7 Rb7 32. Be5 f6 33. Bc3 Rc7 34.
Bb4 Ra7 35. Rd3 Bc4 36. Ra3 Bf8 37. Ra1 Kf7 38. Bc3 Bc5 39. Nd4 Ke8 40. a5 Kd7
41. g3 Bd6 42. Kg2 f5 43. f4 Ra8 44. h4 Rc8 45. Rb1 Rb8 46. Rxb8 Bxb8 47. h5
Bd6 48. hxg6 hxg6 49. Nf3 Ke6 50. Kf2 Bc5+ 51. Bd4 Bb4 52. Bb6 Bb5 53. Nd4+ 1-0

[Event "SFG 2015 Compact A"]
[Site "Groningen"]
[Date "2015.12.29"]
[Round "4"]
[White "Hovenga, Alje"]
[Black "Verhoef, Pieter"]
[Result "0-1"]
[WhiteElo "2217"]
[BlackElo "1992"]
[PlyCount "116"]
[EventDate "2015.12.??"]

1. d4 Nf6 2. Bg5 d5 3. Bxf6 exf6 4. e3 Bd6 5. g3 c6 6. Bg2 O-O 7. Ne2 Bf5 8.
Nd2 Qd7 9. O-O Bh3 10. c4 Bxg2 11. Kxg2 dxc4 12. Nxc4 Be7 13. Qd3 Na6 14. a3 c5
15. Rfd1 cxd4 16. exd4 Rfd8 17. b4 Nc7 18. Ne3 Nd5 19. Nxd5 Qxd5+ 20. Qf3 a5
21. Qxd5 Rxd5 22. Nc3 Rd7 23. b5 Rad8 24. Ne2 f5 25. Rd3 g6 26. Rc1 Bf6 27. Rc4
Rd5 28. a4 R5d7 29. f4 h6 30. Kf2 Kg7 31. Rd1 h5 32. Rd2 h4 33. Ke3 hxg3 34.
hxg3 Re8+ 35. Kd3 Rde7 36. Rcc2 Re3+ 37. Kc4 Be7 38. d5 Bb4 39. Nd4 Rc8+ 40.
Nc6 Bxd2 41. Rxd2 Ra3 42. Kc5 bxc6 43. dxc6 Rxa4 44. b6 Ra3 45. Rc2 Rxg3 46. b7
Rxc6+ 47. Kxc6 Rb3 48. Kc7 g5 49. b8=Q Rxb8 50. Kxb8 gxf4 51. Kc7 Kf6 52. Kd6
Kg5 53. Ke5 f3 54. Kd4 Kf4 55. Kd3 Kg3 56. Ra2 f2 57. Ra1 Kg2 58. Ke2 f4 0-1

[Event "SFG 2015 Compact A"]
[Site "Groningen"]
[Date "2015.12.29"]
[Round "4"]
[White "Holwijn, Melvin"]
[Black "Kollen, Zyon"]
[Result "0-1"]
[WhiteElo "1989"]
[BlackElo "2290"]
[PlyCount "60"]
[EventDate "2015.12.??"]

1. d4 Nf6 2. c4 e6 3. a3 d5 4. Nc3 Be7 5. Nf3 O-O 6. Bg5 h6 7. Bf4 b6 8. cxd5
exd5 9. Rc1 c6 10. Ne5 Nh5 11. Be3 Bd6 12. g4 Bxe5 13. dxe5 Bxg4 14. Rg1 Bf5
15. Bxh6 d4 16. e4 Bg6 17. Bc4 dxc3 18. Rxg6 Qxd1+ 19. Rxd1 Kh7 20. Bxg7 Nxg7
21. Rf6 c2 22. Rc1 Nd7 23. Rxc6 Nxe5 24. Rc7 Rac8 25. Rxc8 Rxc8 26. Be2 Ne6 27.
Kd2 Nd4 28. Ba6 Nb3+ 29. Ke3 Nxc1 30. Bxc8 Nb3 0-1

[Event "SFG 2015 Compact A"]
[Site "Groningen"]
[Date "2015.12.29"]
[Round "4"]
[White "Van Assendelft, Floris"]
[Black "Welling, Wouter"]
[Result "1-0"]
[WhiteElo "2377"]
[BlackElo "1925"]
[PlyCount "47"]
[EventDate "2015.12.??"]

1. e4 c5 2. Nf3 d6 3. c3 Nf6 4. Be2 Bg4 5. O-O Nc6 6. d4 cxd4 7. cxd4 d5 8. e5
Ne4 9. Nc3 Nxc3 10. bxc3 e6 11. Rb1 Qc7 12. Ng5 Bxe2 13. Qxe2 h6 14. Qh5 g6 15.
Qh3 Bg7 16. Nxe6 fxe6 17. Qxe6+ Ne7 18. Ba3 Rd8 19. Bxe7 Qxe7 20. Qxg6+ Kf8 21.
f4 h5 22. f5 Rh6 23. Qg3 h4 24. Qf4 1-0

[Event "SFG 2015 Compact A"]
[Site "Groningen"]
[Date "2015.12.29"]
[Round "4"]
[White "Kroon, Roelof"]
[Black "Termeulen, Albert"]
[Result "1/2-1/2"]
[WhiteElo "2209"]
[BlackElo "2155"]
[PlyCount "126"]
[EventDate "2015.12.??"]

1. e4 d6 2. d4 Nf6 3. Nc3 g6 4. f4 Bg7 5. Nf3 c5 6. dxc5 Qa5 7. Qd4 O-O 8. cxd6
Nxe4 9. Qxe4 Bxc3+ 10. bxc3 Qxc3+ 11. Kf2 Qxa1 12. dxe7 Re8 13. Bc4 Qf6 14. Ba3
Be6 15. Bxe6 Qxe6 16. Qxe6 fxe6 17. Ng5 Nd7 18. Ne4 Rac8 19. c3 Rc7 20. Rd1 Kg7
21. Ng5 Kg8 22. Nxe6 Rxc3 23. Rxd7 Rxa3 24. Nc7 Rxa2+ 25. Kf3 Kf7 26. Nxe8 Kxe8
27. Rxb7 a5 28. Ra7 a4 29. h3 a3 30. g4 Rh2 31. Kg3 Re2 32. Rxa3 Rxe7 33. g5
Kf7 34. Kg4 Rb7 35. Ra4 Rb1 36. Ra7+ Kg8 37. Rc7 Rg1+ 38. Kf3 Rh1 39. Kg2 Ra1
40. Re7 Ra3 41. h4 Rb3 42. Rc7 Ra3 43. Rb7 Rc3 44. Rb6 Kf7 45. h5 Ra3 46. Rb7+
Kg8 47. hxg6 hxg6 48. Rd7 Rb3 49. Kf2 Ra3 50. Ke2 Rb3 51. Rd3 Rb1 52. Kf3 Kf7
53. Rd7+ Kf8 54. Ke4 Re1+ 55. Kd5 Re2 56. Rd6 Kf7 57. Rf6+ Kg7 58. Re6 Rd2+ 59.
Ke5 Re2+ 60. Kd6 Rd2+ 61. Ke7 Ra2 62. Rd6 Ra4 63. Rf6 Ra7+ 1/2-1/2

[Event "SFG 2015 Compact A"]
[Site "Groningen"]
[Date "2015.12.30"]
[Round "5"]
[White "Klapwijk, Bram"]
[Black "Van Herwaarden, Arjen"]
[Result "1-0"]
[WhiteElo "2197"]
[BlackElo "2052"]
[PlyCount "107"]
[EventDate "2015.12.??"]

1. e4 Nc6 2. d4 d5 3. Nc3 e6 4. e5 Nge7 5. Nf3 Nf5 6. Bf4 Be7 7. g4 Nh4 8. Nxh4
Bxh4 9. Qd2 f6 10. Bb5 O-O 11. O-O fxe5 12. dxe5 Bd7 13. Bd3 Qe7 14. a3 g5 15.
Bg3 Bxg3 16. fxg3 Nxe5 17. Qe2 Qc5+ 18. Kg2 Qd4 19. Bxh7+ Kxh7 20. Rad1 Qxg4
21. Qxe5 d4 22. h3 Bc6+ 23. Kh2 Qxd1 24. Rxd1 Rf2+ 25. Kg1 Rg2+ 26. Kf1 Rf8+
27. Ke1 Rg1+ 28. Ke2 Rg2+ 29. Kd3 dxc3 30. Kxc3 Rff2 31. Rc1 Rf3+ 32. Kb4 Rgxg3
33. Qxc7+ Kh6 34. c4 a5+ 35. Kc5 Rf5+ 36. Kb6 Rb3+ 37. Ka7 Rxh3 38. Qc8 Re3 39.
Rc2 Kg6 40. Rh2 Rf7 41. Qh8 Kf5 42. Rf2+ Rf3 43. Qh5 Ke4 44. Qg6+ Kd4 45. Rd2+
Ke5 46. Re2+ Kd4 47. Qxe6 b5+ $2 48. Kb6 bxc4 49. Rd2+ Rd3 50. Rxd3+ Kxd3 51.
Qxf7 Ba4 52. Qf2 Ke4 53. Kxa5 Bd1 54. Kb4 1-0